| 000 | 01087nam a2200313 a 4500 | ||
|---|---|---|---|
| 001 | 000109494 | ||
| 003 | CHAP | ||
| 005 | 20220329144052.0 | ||
| 008 | 140506s2013 mx a |sm |||||||spa|d | ||
| 010 | _a105956 | ||
| 011 | _a106928 | ||
| 040 | _cCHAP | ||
| 090 | _aTesis | ||
| 100 | 0 | 0 |
_aZenil Lugo, Nadia _9123895 |
| 245 | 1 | 0 |
_aCaracterización fisiológica y bioquímica asociada al estrés oxidativo en rosa (Rosa hybrida L.). _h[En línea] _cpor Nadia Zenil Lugo. |
| 260 |
_aChapingo, Méx. : _bEl autor, _c2013. |
||
| 500 | _aPara ver el contenido del material haga clic en la liga | ||
| 502 | _aTesis (Ph.D. en Horticultura) -- UACH. Departamento de Fitotecnia | ||
| 590 |
_aBATCH-UPD _b05 _c20141002 _lUCH01 _h0902 |
||
| 590 |
_aE792CSJ _b05 _c20140506 _lUCH01 _h1428 |
||
| 590 |
_aE792CSJ _b05 _c20140506 _lUCH01 _h1430 |
||
| 650 | 1 | 4 |
_aAntioxidantes _96070 |
| 650 | 1 | 4 |
_aFlores _xFisiología y morfología. _941379 |
| 650 | 1 | 4 |
_aRosas. _999959 |
| 856 |
_aFinding aid _uhttp://10.13.5.2/tesis/sist109494.pdf _zTeclea aquí |
||
| 901 | _aBK | ||
| 942 | _cTESIS | ||
| 942 | _n0 | ||
| 999 |
_c105956 _d105956 |
||